000 00576nam a2200229Ia 4500
003 OSt
005 20221005115539.0
006 a|||||r|||| 00| 0
007 ta
008 221004b |||||||| |||| 00| 0 mal d
024 _a52934
037 _cTextual
040 _aCRL
_cCRL
_bmal
041 _2mal
_amal
082 _aDelta2y7M, 32J8
100 _aMahadevan Au.
_9627716
245 0 _aChila divya-charitangal
260 _c1958
650 _aSPIRITUALISM
942 _hDelta2y7M, 32J8
_cTEXL
_2cc
999 _c1035158
_d1035158